| 000 | 00504nam a22001577a 4500 | ||
|---|---|---|---|
| 020 | _a9789696373551 | ||
| 082 |
_a612.015 _bHAS |
||
| 100 |
_aHashmi, Mukhtar Ahmad; Hashmi, Iftikhar Hussain _9113919 |
||
| 245 |
_aHashmi's Textbook of Medical Biochemistry / _cMukhtar Ahmad Hashmi & Iftikhar Hussain Hashmi |
||
| 250 | _a6th Edition. | ||
| 260 |
_aKarachi : _bParamount Books (pvt) Limited, _c2017. |
||
| 300 |
_a750 p. ; _c28 cm. |
||
| 563 | _aPBK. | ||
| 650 |
_aBiochemistry _92455 |
||
| 942 |
_2ddc _cBK |
||
| 999 |
_c595074 _d595074 |
||